Asian Geography By Letter K - Picture Quiz - Statistics

General Stats
  • This quiz has been taken 592 times
  • The average score is 9 of 18
Answer Stats
Picture Hint Answer % Correct
(country) Kyrgyzstan
92%
(mountain) K2
81%
{Korean} Unification Flag
80%
(ethnic group) Kurds
77%
(volcano) Krakatoa
66%
(the art of loving) Kama Sutra
58%
(city) Kuwait City
58%
(dish) {Kobe} Beef
57%
(peninsula) Kamchatka
56%
(island) Kyushu
52%
(state) Kerala
43%
(city) Kolkata
41%
(script) Khmer
35%
(city) Kabul
32%
(language) Kannada
25%
(currency) Kyat
9%
(desert) Kyzylkum
6%
(dagger) Khanjar
2%
No matching quizzes found
Score Distribution
Percent of People with Each Score
Percentile by Number Answered
Your Score History
You have not taken this quiz